| 000 | 00602 a2200169 4500 | ||
|---|---|---|---|
| 999 |
_c8146 _d8146 |
||
| 003 | GBCCL | ||
| 005 | 20241126110644.0 | ||
| 008 | 190409b ||||| |||| 00| 0 eng d | ||
| 040 | _cgbc | ||
| 082 |
_a261.8321 _bHIV |
||
| 245 |
_aHIV and inclusive community: _bAsian Theological and Biblical perspectives / _cedited by Alphinus Kambodji, Erlinda N Senturias, Wati Longchar |
||
| 260 |
_aKolkata : _bSCEPTRE, _c2013 |
||
| 300 | _a230p. ; | ||
| 650 |
_aAIDS (Disease) -- Religious aspects -- Christianity _914168 |
||
| 650 |
_aHIV infections -- Religious aspects -- Christianity _914169 |
||
| 942 |
_2ddc _cBK |
||